000 00480nam a2200181Ia 4500
999 _c21638
_d21638
003 OSt
005 20201109154528.0
008 190216s9999||||xx |||||||||||||| ||und||
020 _a9780349110509
040 _coclc
082 _a901
_bHOB/O
100 _aHobsbawm, E J
_92591
245 0 _aOn History /
_cE J Hobsbawm
260 _bAbacus,
_c1997.
_aBritain:
300 _a403p
650 _aHistory Of Arabs
942 _cBK
_2ddc
_h901
_iHOB/O
_k901
_mHOB/O